000 01835cam a2200157 4500500
005 20260412000248.0
041 _afre
042 _adc
100 1 0 _aArnsperger, Christian
_eauthor
245 0 0 _aRawls, Planetary Boundaries and the “Donut”: Is A Theory of Justice Compatible with Degrowth
260 _c2026.
500 _a51
520 _aThis article expands and broadens John Rawls’ Theory of Justice to outline a society in which free citizens work together, within principles of political justice, towards the ecological and social sustainability of their cooperation. The conceptual framework of the “Donut” by ecological economist Kate Raworth is used to propose an additional principle, called the “Principle of Sustainability,” which takes lexicographic precedence over the two classic Rawlsian principles (Equal Basic Liberties, Difference Principle). One of the main implications of this new principle is that the notion of “circumstances of justice” must be extended to environmental realities (pollution, resource scarcity, ecological overshoot, etc.), so that economic degrowth becomes an integral part of a Rawlsian theory for the Anthropocene. As for objections regarding the alleged psychological and political unfeasibility of degrowth, they must be evaluated in light of a revision of the notion of free and equal citizenship behind the veil of ignorance, which this article also details by showing that ecological knowledge must be part of the basic knowledge mobilized by free citizens in their deliberations on the principles of justice.
786 0 _nRevue de philosophie économique / Review of Economic Philosophy | - | 1 | 2026-02-19 | p. 91-137 | 1376-0971
856 4 1 _uhttps://shs.cairn.info/journal-revue-de-philosophie-economique-2026-1-page-91?lang=en&redirect-ssocas=7080
999 _c2209571
_d2209571